Fizika átmeneti tankönyv az általános műveltséget nyújtó iskolák 9. alapévfolyama számára

Bibliographic Details
Main Author: Hlavička, Alois, 1911- (Author)
Format: Book
Language:English
PhysicalDescription:164 s.
Published: Bratislava Slovenské pedagogické nakladateľstvo 1961
Edition:2. kiad.

MARC

LEADER 00000nam a2200000 a 4500
001 vtls010284782
003 SK-MaSNL
005 20260301031827.0
008 240313 xo 000 0 eng
040 |a SNK  |b slo  |c SNK  |e AACR2 
044 |a xo  |c SK 
100 1 |a Hlavička, Alois,  |d 1911-  |4 aut  |9 191109 
245 1 |a Fizika átmeneti tankönyv az általános műveltséget nyújtó iskolák 9. alapévfolyama számára  |c Szerzők : Alois Hlavička, Josef Lampa,; Fordító Fraňo Józsefné 
250 |a 2. kiad. 
260 |a Bratislava  |b Slovenské pedagogické nakladateľstvo  |c 1961  |e Bratislava  |f Pravda 
300 |a 164 s. 
999 |c 577382  |d 579312 
952 |a SNK  |b SNK  |y PREZ  |7 0  |p 17A0699621  |o snkSD 20099  |i snkKSP 2957/61  |3 rekatalogizácia  |0 0  |1 0  |4 0  |d 2011-06-09  |l 0  |r 2025-12-03 00:00:00  |w 2026-02-23